000 00686nam 22001933 4500
001 200155
090 _a200155
100 _a20260123d u||y0pory50 ba
200 _aRegulamento para os Hospícios dos Expostos do Districto d' Evora
210 _aÉvora
_cTypographia do Governo Civil
_d1873
215 _a32 p , [42] f. desdobr.
_cbrochado
_d23 cm
606 _91730
_aProtecção das Necessidades Materiais e Mentais da Vida. Serviço social. Ajuda Social. Segurança Social. Habitação. Consumo . Seguros
675 _a36
_vPT
_zpor
675 _a364-5
_vPT
_zpor
675 _a347(469)
_vPT
_zpor
711 _910692
_aPORTUGAL.
801 _aPT
_bBMMN
_gRPC
830 _cAna
_fAna
990 _cLIVROS